[Event "Cupa Rozelor de Mai"]
[Site "?"]
[Date "1999.??.??"]
[Round "?"]
[White "Ionescu, Constantin"]
[Black "Navrotescu , Catalin"]
[Result "1/2-1/2"]
[WhiteElo "2480"]
[BlackElo "2440"]
[PlyCount "68"]
[EventDate "1999.??.??"]
[Source "b/signature.htm"]
[SourceDate "3188127.01.02"]

1. d4 Nf6 2. c4 g6 3. g3 Bg7 4. Bg2 O-O 5. Nc3 d6 6. Nf3 Nc6 7. h3 Rb8 8. Be3
a6 9. Nd2 e5 10. dxe5 Nxe5 11. f4 Nc6 12. O-O Be6 13. Bf2 Nd7 14. Rc1 Na5 15.
b3 b5 16. cxb5 axb5 17. e4 c5 18. f5 gxf5 19. exf5 Bxf5 20. Nde4 Ne5 21. Nxd6
Bd3 22. Bxc5 Bxf1 23. Qxf1 Nd7 24. Bb4 Nc6 25. Bxc6 Qb6+ 26. Kh2 Qxc6 27. Ncxb5
Qa8 28. a4 Ne5 29. Rc3 Qd5 30. Nf5 Qd2+ 31. Qg2 Rfd8 32. Bd6 Rxd6 33. Nfxd6
Ng4+ 34. hxg4 Bxc3 1/2-1/2

[Event "Cupa Rozelor de Mai"]
[Site "?"]
[Date "1999.??.??"]
[Round "?"]
[White "Marjanovic, Slavoljub"]
[Black "Navrotescu , Catalin"]
[Result "1/2-1/2"]
[WhiteElo "2450"]
[BlackElo "2440"]
[PlyCount "108"]
[EventDate "1999.??.??"]
[Source "b/signature.htm"]
[SourceDate "3188127.01.02"]

1. e4 c5 2. Nc3 Nc6 3. Nge2 g6 4. d4 cxd4 5. Nxd4 Bg7 6. Nb3 Nf6 7. Be2 O-O 8.
O-O d6 9. Re1 a5 10. a4 Nb4 11. Bf3 Bd7 12. Nb5 Qc8 13. c3 Nc6 14. Bf4 Ne5 15.
Nd2 Nd3 16. e5 dxe5 17. Bxe5 Nxe1 18. Qxe1 Bxb5 19. axb5 Rd8 20. Qe2 Qe6 21.
Nc4 Nd5 22. Bxg7 Qxe2 23. Bxe2 Kxg7 24. Rxa5 Rxa5 25. Nxa5 Ra8 26. Nxb7 Ra2 27.
c4 Rxb2 28. Bf1 Nc3 29. g3 Kf6 30. Nc5 e6 31. h4 Ke7 32. Bg2 Kd6 33. Nb7+ Ke5
34. Nd8 f5 35. f4+ Kd4 36. Nxe6+ Kxc4 37. Nf8 Nxb5 38. Bf1+ Kd4 39. Bxb5 Rxb5
40. Nxh7 Ke3 41. Ng5 Rb2 42. Kf1 Ra2 43. Kg1 Ra6 44. Kg2 Rb6 45. Nf7 Rb2+ 46.
Kh3 Kf2 47. h5 Rb1 48. Kh4 Rh1+ 49. Kg5 gxh5 50. Nd6 Kxg3 51. Nxf5+ Kf3 52.
Nh4+ Ke4 53. f5 Rxh4 54. Kxh4 Kxf5 1/2-1/2

[Event "Cupa Rozelor de Mai"]
[Site "?"]
[Date "1999.??.??"]
[Round "?"]
[White "Milu, Romeo Sorin"]
[Black "Navrotescu , Catalin"]
[Result "0-1"]
[WhiteElo "2395"]
[BlackElo "2440"]
[PlyCount "56"]
[EventDate "1999.??.??"]
[Source "b/signature.htm"]
[SourceDate "3188127.01.02"]

1. e4 c5 2. Nf3 d6 3. d4 cxd4 4. Nxd4 Nf6 5. Nc3 a6 6. Bc4 e6 7. O-O b5 8. Bb3
Be7 9. f4 O-O 10. e5 dxe5 11. fxe5 Nfd7 12. Qh5 Nc6 13. Nxc6 Qb6+ 14. Be3 Qxc6
15. Rf3 Bb7 16. Rg3 g6 17. Qh6 Bc5 18. Re1 Rfd8 19. Qf4 Bxe3+ 20. Rexe3 Nc5 21.
h4 Rd2 22. Qg4 b4 23. Ne2 Ne4 24. Rgf3 Rd1+ 25. Kh2 Nd2 26. Rf2 Nf1+ 27. Rxf1
Rxf1 28. Nd4 Rf4 0-1

[Event "Cupa Rozelor de Mai"]
[Site "?"]
[Date "1999.??.??"]
[Round "?"]
[White "Navrotescu , Catalin"]
[Black "Florescu, Codrut-Constantin"]
[Result "0-1"]
[WhiteElo "2440"]
[BlackElo "2310"]
[PlyCount "90"]
[EventDate "1999.??.??"]
[Source "b/signature.htm"]
[SourceDate "3188127.01.02"]

1. d4 Nf6 2. c4 e6 3. Nf3 b6 4. g3 Ba6 5. Nbd2 c5 6. Bg2 Nc6 7. dxc5 bxc5 8.
O-O Be7 9. e4 e5 10. Ne1 O-O 11. f4 d6 12. f5 Nd4 13. Nd3 Qc7 14. h4 h5 15. Nf2
g6 16. Kh2 Kg7 17. b3 Bb7 18. Bb2 a5 19. Bf3 Rh8 20. a4 Bc6 21. Bxd4 cxd4 22.
Kg2 Qb7 23. Qe2 Rae8 24. Rae1 Bd8 25. Qd3 Nd7 26. Qc2 Nc5 27. Nd3 Bf6 28. Rf2
Rb8 29. Nxc5 dxc5 30. Ref1 g5 31. Be2 Kf8 32. Kh3 Qb4 33. Bd3 Rg8 34. hxg5 Rxg5
35. Nf3 Rg7 36. Rb1 Ke7 37. Qe2 Qc3 38. Qc2 Rbg8 39. Rg1 Qxc2 40. Rxc2 Rg4 41.
Re2 h4 42. Reg2 Bxe4 43. Bxe4 Rxe4 44. gxh4 Rxg2 45. Rxg2 d3 0-1

[Event "Cupa Rozelor de Mai"]
[Site "?"]
[Date "1999.??.??"]
[Round "?"]
[White "Navrotescu , Catalin"]
[Black "Sofronie, Iulian"]
[Result "1/2-1/2"]
[WhiteElo "2440"]
[BlackElo "2435"]
[PlyCount "22"]
[EventDate "1999.??.??"]
[Source "b/signature.htm"]
[SourceDate "3188127.01.02"]

1. d4 Nf6 2. c4 g6 3. g3 Bg7 4. Bg2 O-O 5. Nc3 d6 6. Nf3 Nc6 7. O-O e5 8. d5
Ne7 9. e4 Ne8 10. Ne1 f5 11. Nd3 Nf6 1/2-1/2

[Event "Cupa Rozelor de Mai"]
[Site "?"]
[Date "1999.??.??"]
[Round "?"]
[White "Navrotescu , Catalin"]
[Black "Svetushkin, Dmitry"]
[Result "0-1"]
[WhiteElo "2440"]
[BlackElo "2470"]
[PlyCount "86"]
[EventDate "1999.??.??"]
[Source "b/signature.htm"]
[SourceDate "3188127.01.02"]

1. d4 d5 2. c4 dxc4 3. e3 e6 4. Bxc4 Nf6 5. Nf3 c5 6. O-O a6 7. Bd3 b6 8. Nc3
Bb7 9. Qe2 Nbd7 10. Rd1 Bd6 11. dxc5 Nxc5 12. e4 Qb8 13. Bg5 h6 14. Bxf6 gxf6
15. Bc2 Ke7 16. Rd4 Qc7 17. Rad1 Be5 18. Nxe5 fxe5 19. R4d2 Rad8 20. Qh5 Rxd2
21. Rxd2 Nd7 22. Rd3 Nf6 23. Qh4 Rg8 24. Qxh6 Rg6 25. Qd2 Bxe4 26. Nxe4 Nxe4
27. Qb4+ Nc5 28. Qh4+ Ke8 29. Rd1 Rg8 30. Qh7 Rg4 31. h3 Rb4 32. Bg6 Rf4 33. g3
Rf6 34. Qh8+ Ke7 35. Qh4 fxg6 36. Qh7+ Rf7 37. Qxg6 Nd7 38. Qg5+ Nf6 39. h4 e4
40. Qd2 Nd7 41. Qg5+ Nf6 42. Qd2 Rf8 43. Qg5 Qc5 0-1

[Event "Cupa Rozelor de Mai"]
[Site "?"]
[Date "1999.??.??"]
[Round "?"]
[White "Sanduleac, Vasile"]
[Black "Navrotescu , Catalin"]
[Result "1/2-1/2"]
[WhiteElo "2440"]
[BlackElo "2440"]
[PlyCount "58"]
[EventDate "1999.??.??"]
[Source "b/signature.htm"]
[SourceDate "3188127.01.02"]

1. e4 c5 2. Nf3 d6 3. Bb5+ Bd7 4. Bxd7+ Qxd7 5. O-O Nf6 6. Nc3 Nc6 7. d3 g6 8.
Ng5 h6 9. Nh3 d5 10. exd5 Nxd5 11. Ne4 b6 12. Nf4 Nc7 13. Bd2 Bg7 14. Bc3 e5
15. Ne2 O-O 16. f4 f5 17. N4g3 Nd5 18. Qd2 Nxc3 19. bxc3 e4 20. Rad1 Rad8 21.
Qc1 exd3 22. cxd3 Qe6 23. Qc2 Kh7 24. Rfe1 Qe3+ 25. Kh1 Rfe8 26. Qb1 Qf2 27.
Rf1 Qe3 28. Rfe1 Qf2 29. Rf1 Qe3 1/2-1/2

[Event "Cupa Rozelor de Mai"]
[Site "?"]
[Date "1999.??.??"]
[Round "?"]
[White "Vajda , Albert (MI)"]
[Black "Navrotescu , Catalin"]
[Result "1-0"]
[WhiteElo "2350"]
[BlackElo "2440"]
[PlyCount "87"]
[EventDate "1999.??.??"]
[Source "b/signature.htm"]
[SourceDate "3188127.01.02"]

1. e4 c5 2. Nf3 d6 3. c3 Nf6 4. Bd3 g6 5. Bc2 Bg7 6. O-O O-O 7. h3 Nc6 8. d4 e6
9. dxc5 dxc5 10. Na3 Bd7 11. Bg5 Qb8 12. Nc4 Qc7 13. a4 b6 14. Qe2 e5 15. a5
Be6 16. axb6 axb6 17. Na3 h6 18. Be3 Rfd8 19. Nb5 Qb7 20. Rxa8 Rxa8 21. Rd1 Ra2
22. Bb1 Ra8 23. Nd2 Na5 24. Bc2 Nd7 25. Ra1 c4 26. Nd6 Qc6 27. N2xc4 Nxc4 28.
Rxa8+ Qxa8 29. Nxc4 Qa1+ 30. Kh2 b5 31. Nd6 b4 32. cxb4 Qxb2 33. b5 Qb4 34. Ne8
Nc5 35. Nxg7 Kxg7 36. Qd2 Qxd2 37. Bxd2 Bc4 38. b6 Ba6 39. Be3 Nd7 40. Ba4 Nb8
41. Bb3 Bb7 42. Bd5 Bxd5 43. exd5 Kf6 44. b7 1-0

[Event "Trofeul Centrocoop (op)A"]
[Site "?"]
[Date "1999.??.??"]
[Round "?"]
[White "Cernea, Radu Gheorghe"]
[Black "Navrotescu , Catalin"]
[Result "0-1"]
[WhiteElo "2125"]
[BlackElo "2425"]
[PlyCount "62"]
[EventDate "1999.??.??"]
[Source "b/signature.htm"]
[SourceDate "3188127.01.02"]

1. Nf3 Nf6 2. g3 g6 3. b4 Bg7 4. Bb2 d6 5. Bg2 e5 6. d3 O-O 7. O-O Nc6 8. a3
Nh5 9. e4 f5 10. Nh4 Nf4 11. Nd2 Nxg2 12. Nxg2 f4 13. f3 Bh3 14. Rf2 g5 15. b5
Ne7 16. c3 h5 17. d4 Ng6 18. Nc4 exd4 19. cxd4 d5 20. Nd2 Rf7 21. Qb3 Qd7 22.
exd5 Rd8 23. Ne4 Qxd5 24. Qxd5 Rxd5 25. a4 Nf8 26. Re1 Ne6 27. Nc3 Rxd4 28. g4
Nc5 29. Re8+ Kh7 30. Ne1 Nd3 31. Ne4 Rxe4 0-1

[Event "Trofeul Centrocoop (op)A"]
[Site "?"]
[Date "1999.??.??"]
[Round "?"]
[White "Navrotescu , Catalin"]
[Black "Parligras, Cosmin"]
[Result "1/2-1/2"]
[WhiteElo "2425"]
[BlackElo "2245"]
[PlyCount "98"]
[EventDate "1999.??.??"]
[Source "b/signature.htm"]
[SourceDate "3188127.01.02"]

1. d4 Nf6 2. c4 e6 3. Nf3 Bb4+ 4. Bd2 Bxd2+ 5. Qxd2 d6 6. Nc3 Qe7 7. g3 O-O 8.
Bg2 e5 9. O-O Re8 10. e4 c5 11. d5 a6 12. a4 Nbd7 13. Nh4 Nf8 {03'} 14. Rab1
Ng6 15. Nf5 Qc7 16. Rfe1 Rb8 17. f3 {1,01'} Bd7 {15'} 18. Bf1 h6 19. Kh1 a5 20.
Bd3 Kh7 21. Rg1 Rg8 22. Rg2 Rbe8 23. Rbg1 Ne7 24. g4 Ng6 25. g5 hxg5 26. Qxg5
Kh8 27. Rg3 Nh7 28. Qd2 Bxf5 29. exf5 Nf4 30. Ne2 Nxd3 31. Qxd3 e4 32. fxe4 Qe7
33. Nc3 Qf6 34. Qf3 g6 35. Qg2 g5 36. Rg4 Kg7 37. Nb5 Kf8 38. Qg3 Ke7 39. Qb3
Qe5 40. Nc3 Nf6 41. R4g2 Rh8 42. Qc2 g4 43. Qd3 Rh3 {=} 44. Rg3 Reh8 45. Rxh3
Rxh3 46. Rg3 Rh4 47. Qe3 Kd7 48. Rg2 Rh3 49. Rg3 Rh4 1/2-1/2

[Event "ROM-ch"]
[Site "Bucharest"]
[Date "1998.12.08"]
[Round "1"]
[White "Cosma, Ioan"]
[Black "Navrotescu , Catalin"]
[Result "1-0"]
[WhiteElo "2475"]
[BlackElo "2440"]
[PlyCount "116"]
[EventDate "1998.12.08"]
[EventType "tourn"]
[EventRounds "15"]
[EventCountry "ROM"]
[EventCategory "9"]
[Source "ChessBase"]
[SourceDate "1999.04.01"]

1. d4 Nf6 2. Nf3 e6 3. g3 d5 4. Bg2 c6 5. O-O Be7 6. c4 b6 7. Nc3 Nbd7 8. Ne5
Bb7 9. e4 dxe4 10. Nxe4 Nxe4 11. Bxe4 Nxe5 12. dxe5 Qc7 13. Qf3 O-O 14. Bf4
Rfd8 15. Rfd1 h6 16. h4 Rab8 17. Qg4 Kf8 18. h5 c5 19. Qf3 Bxe4 20. Qxe4 Kg8
21. Kg2 Rxd1 22. Rxd1 Rd8 23. Rxd8+ Bxd8 24. Qa8 Qd7 25. Be3 Qd3 26. b3 Qd7 27.
a3 Kh7 28. Qe4+ Kg8 29. Qa8 Kh7 30. b4 Be7 31. Qe4+ Kg8 32. b5 Bg5 33. f4 Be7
34. Bf2 f5 35. exf6 Bxf6 36. a4 Bc3 37. g4 Qf7 38. Qa8+ Kh7 39. Qe4+ Kg8 40.
Qa8+ Kh7 41. Be3 Be1 42. Qe4+ Kh8 43. Kf3 Bc3 44. Ke2 Bf6 45. Qg6 Qd7 46. g5
hxg5 47. fxg5 Bd4 48. Bd2 e5 49. Qe4 g6 50. hxg6 Kg7 51. Qh4 Kg8 52. a5 bxa5
53. Bxa5 e4 54. Qxe4 Kg7 55. Bd2 Qc8 56. Kd1 Qd7 57. Qh4 Qf5 58. Qh7+ Kf8 1-0

[Event "ROM-ch"]
[Site "Bucharest"]
[Date "1998.12.09"]
[Round "2"]
[White "Navrotescu , Catalin"]
[Black "Itkis, Boris"]
[Result "1-0"]
[WhiteElo "2440"]
[BlackElo "2465"]
[PlyCount "95"]
[EventDate "1998.12.08"]
[EventType "tourn"]
[EventRounds "15"]
[EventCountry "ROM"]
[EventCategory "9"]
[Source "ChessBase"]
[SourceDate "1999.04.01"]

1. d4 d5 2. c4 c6 3. Nf3 Nf6 4. Nc3 dxc4 5. a4 Bf5 6. Ne5 Na6 7. e3 Nb4 8. Bxc4
e6 9. O-O Be7 10. Qe2 h6 11. e4 Bh7 12. Rd1 O-O 13. Bf4 Qa5 14. Bb3 Rad8 15.
Rac1 Nd7 16. Nc4 Qa6 17. Qf3 Kh8 18. Bc7 Rc8 19. Bd6 Rce8 20. Qg3 c5 21. Nb5
Qc6 22. Nxa7 Qxe4 23. Bxe7 Rxe7 24. Nd6 Qe2 25. Nac8 Nd3 26. Nxe7 Nxc1 27. Rxc1
cxd4 28. h4 Ne5 29. f4 Nc6 30. Nxc6 bxc6 31. Rxc6 Qxb2 32. Rc7 Bg6 33. Kh2 d3
34. f5 exf5 35. Nxf7+ Bxf7 36. Rxf7 Rxf7 37. Bxf7 Qb4 38. Bh5 Qxa4 39. Kh3 Qd7
40. Qf3 d2 41. Qb3 g5 42. Bd1 Qd4 43. Qg3 g4+ 44. Kh2 h5 45. Qc7 Qf2 46. Qd8+
Kh7 47. Qg5 Qd4 48. Qxh5+ 1-0

[Event "ROM-ch"]
[Site "Bucharest"]
[Date "1998.12.10"]
[Round "3"]
[White "Grigore, George Gabriel"]
[Black "Navrotescu , Catalin"]
[Result "1/2-1/2"]
[WhiteElo "2475"]
[BlackElo "2440"]
[PlyCount "56"]
[EventDate "1998.12.08"]
[EventType "tourn"]
[EventRounds "15"]
[EventCountry "ROM"]
[EventCategory "9"]
[Source "ChessBase"]
[SourceDate "1999.04.01"]

1. d4 Nf6 2. c4 c5 3. d5 b5 4. cxb5 a6 5. bxa6 g6 6. Nc3 Bxa6 7. g3 d6 8. Bg2
Bg7 9. Nf3 Nbd7 10. O-O Nb6 11. Re1 O-O 12. Nd2 Ra7 13. Nf1 Qa8 14. Ne3 Bb7 15.
a4 Rc8 16. Ra3 Nfd7 17. Qb3 c4 18. Qa2 Bxc3 19. bxc3 Rc5 20. Bd2 Rxa4 21. Rxa4
Qxa4 22. Qxa4 Nxa4 23. Rb1 Nab6 24. Nc2 Bxd5 25. Be3 Rc8 26. Rxb6 Nxb6 27. Bxb6
Bxg2 28. Kxg2 Rb8 1/2-1/2

[Event "ROM-ch"]
[Site "Bucharest"]
[Date "1998.12.11"]
[Round "4"]
[White "Navrotescu , Catalin"]
[Black "Vajda, Levente"]
[Result "0-1"]
[WhiteElo "2440"]
[BlackElo "2480"]
[PlyCount "127"]
[EventDate "1998.12.08"]
[EventType "tourn"]
[EventRounds "15"]
[EventCountry "ROM"]
[EventCategory "9"]
[Source "ChessBase"]
[SourceDate "1999.04.01"]

1. d4 Nf6 2. c4 g6 3. Nc3 Bg7 4. e4 d6 5. Nf3 O-O 6. h3 e5 7. d5 a5 8. Bg5 Na6
9. Nd2 Qe8 10. g4 c6 11. a3 Rb8 12. Rb1 Nc7 13. Rg1 b5 14. dxc6 bxc4 15. Nxc4
Qxc6 16. Qxd6 Qxd6 17. Nxd6 Ne6 18. Bxf6 Bxf6 19. Bc4 Nd4 20. Rg3 Be6 21. Bd5
Bh4 22. Rd3 Bxd5 23. exd5 f5 24. gxf5 gxf5 25. Nc4 Nb3 26. Ke2 e4 27. Rg1+ Kh8
28. Rdd1 Bf6 29. d6 Nd4+ 30. Ke3 Nf3 31. Rg2 Rfc8 32. Nxa5 Rxb2 33. Nd5 Bg5+
34. Rxg5 Nxg5 35. d7 Rd8 36. Nb4 f4+ 37. Kxf4 Ne6+ 38. Kxe4 Nc5+ 39. Ke3 Nxd7
40. Nd3 Ra2 41. Nc4 Re8+ 42. Kf3 Rc2 43. Nb4 Rf8+ 44. Kg3 Rg8+ 45. Kf3 Rxc4 46.
Rxd7 Rh4 47. Nd5 Rxh3+ 48. Ke2 Ra8 49. Ne3 Rxa3 50. Kf1 Rh5 51. Rd4 Rg5 52. Rg4
Rxg4 53. Nxg4 Kg7 54. Kg2 Kg6 55. Ne3 Kg5 56. Kg3 Ra4 57. Kf3 Kh4 58. Ng2+ Kh3
59. Ne3 Ra2 60. Ng4 h5 61. Ne3 h4 62. Nf5 Ra5 63. Ne3 Re5 64. Kf4 0-1

[Event "ROM-ch"]
[Site "Bucharest"]
[Date "1998.12.12"]
[Round "5"]
[White "Szuhanek, Ranko"]
[Black "Navrotescu , Catalin"]
[Result "1/2-1/2"]
[WhiteElo "2400"]
[BlackElo "2440"]
[PlyCount "80"]
[EventDate "1998.12.08"]
[EventType "tourn"]
[EventRounds "15"]
[EventCountry "ROM"]
[EventCategory "9"]
[Source "ChessBase"]
[SourceDate "1999.04.01"]

1. Nf3 Nf6 2. c4 e6 3. Nc3 Bb4 4. Qb3 Nc6 5. g3 O-O 6. a3 Bxc3 7. Qxc3 d6 8.
Bg2 e5 9. O-O Bg4 10. b4 Qd7 11. Re1 Rfe8 12. Bb2 Bh3 13. Bh1 h6 14. e4 Qg4 15.
b5 Ne7 16. Nh4 c5 17. Qf3 Qe6 18. d3 Bg4 19. Qe3 g5 20. Ng2 Kh7 21. f4 gxf4 22.
gxf4 Rg8 23. f5 Bxf5 24. exf5 Nxf5 25. Qh3 Rg4 26. Re4 Rg6 27. Rf1 Nxe4 28.
Qxf5 Ng5 29. h4 Qxf5 30. Rxf5 Ne6 31. Rxf7+ Kg8 32. Rf3 a6 33. h5 Rg5 34. Bc1
Nd4 35. Rf2 Rxh5 36. Ne3 axb5 37. Ng4 Kh8 38. Nxh6 b4 39. Bxb7 Rb8 40. Be4 b3
1/2-1/2

[Event "ROM-ch"]
[Site "Bucharest"]
[Date "1998.12.13"]
[Round "6"]
[White "Nanu, Ciprian-Costica"]
[Black "Navrotescu , Catalin"]
[Result "0-1"]
[WhiteElo "2405"]
[BlackElo "2440"]
[PlyCount "98"]
[EventDate "1998.12.08"]
[EventType "tourn"]
[EventRounds "15"]
[EventCountry "ROM"]
[EventCategory "9"]
[Source "ChessBase"]
[SourceDate "1999.04.01"]

1. e4 c5 2. Nf3 d6 3. Bc4 Nf6 4. d3 Nc6 5. O-O e6 6. Re1 Be7 7. Bb3 Na5 8. Ba4+
Bd7 9. Bxd7+ Nxd7 10. d4 cxd4 11. Nxd4 O-O 12. Nd2 Qb6 13. N2f3 a6 14. b3 Rac8
15. c4 Rfe8 16. Be3 Qc7 17. Rc1 b6 18. Ng5 Nf6 19. f3 Qb7 20. Nh3 Nc6 21. Nxc6
Rxc6 22. Nf4 b5 23. cxb5 axb5 24. Rxc6 Qxc6 25. Qd2 Ra8 26. Rc1 Qa6 27. Rc2 Bf8
28. Qd3 h6 29. Ne2 d5 30. e5 Nd7 31. f4 Qa5 32. Bd2 b4 33. Be3 Nc5 34. Bxc5
Bxc5+ 35. Kf1 g6 36. Nc1 Qb6 37. g3 Be3 38. Ne2 Kg7 39. Kg2 h5 40. h3 Ra5 41.
h4 Qa7 42. Kf3 d4 43. Rc4 Rxa2 44. Nxd4 Bxd4 45. Rxd4 Qa8+ 46. Re4 Rb2 47. Qc4
Qa2 48. Re3 Rc2 49. Qd4 Qb1 0-1

[Event "ROM-ch"]
[Site "Bucharest"]
[Date "1998.12.15"]
[Round "8"]
[White "Florean, Andrei Costel"]
[Black "Navrotescu , Catalin"]
[Result "1-0"]
[WhiteElo "2450"]
[BlackElo "2440"]
[PlyCount "89"]
[EventDate "1998.12.08"]
[EventType "tourn"]
[EventRounds "15"]
[EventCountry "ROM"]
[EventCategory "9"]
[Source "ChessBase"]
[SourceDate "1999.04.01"]

1. d4 Nf6 2. c4 g6 3. Nc3 Bg7 4. e4 d6 5. Nf3 O-O 6. Be3 c6 7. h3 Nbd7 8. Be2
e5 9. d5 Nc5 10. Nd2 a5 11. a3 Nfd7 12. b4 axb4 13. axb4 Rxa1 14. Qxa1 Na6 15.
Qa3 c5 16. bxc5 Ndxc5 17. Nb3 f5 18. Nxc5 Nxc5 19. Bxc5 dxc5 20. Qxc5 Qg5 21.
Qe3 Qxg2 22. Bf3 f4 23. Bxg2 fxe3 24. fxe3 Rf7 25. Ke2 Bf8 26. Ra1 Rc7 27. Kd3
Kf7 28. Nb5 Rc5 29. Ra8 Bd7 30. Rb8 Bxb5 31. Rxb7+ Bd7 32. Rxd7+ Kf6 33. Rxh7
Ra5 34. Rc7 Bd6 35. Rc6 Ke7 36. Bf3 Ra3+ 37. Kd2 Ra2+ 38. Kd1 Ra1+ 39. Kc2 Ra2+
40. Kb1 Ra5 41. Be2 Rc5 42. Ra6 Rc7 43. h4 Rc8 44. Kc2 Rh8 45. Rc6 1-0

[Event "ROM-ch"]
[Site "Bucharest"]
[Date "1998.12.17"]
[Round "9"]
[White "Navrotescu , Catalin"]
[Black "Nevednichy, Vladislav"]
[Result "0-1"]
[WhiteElo "2440"]
[BlackElo "2545"]
[Annotator " 1"]
[PlyCount "80"]
[EventDate "1998.12.08"]
[EventType "tourn"]
[EventRounds "15"]
[EventCountry "ROM"]
[EventCategory "9"]
[Source "ChessBase"]
[SourceDate "1999.04.01"]

1. d4 Nf6 2. c4 g6 3. Nc3 Bg7 4. e4 O-O 5. Nf3 d6 6. h3 e5 7. dxe5 dxe5 8. Qxd8
Rxd8 9. Bg5 Nbd7 10. O-O-O Rf8 11. Be3 c6 12. c5 Re8 13. Bc4 h6 14. b4 Bf8 15.
Nd2 a5 16. a3 axb4 17. axb4 b6 18. Nb3 bxc5 19. bxc5 Rb8 20. Kc2 Rb4 21. Bd3
Nh5 22. g3 Ng7 23. Ra1 Ne6 24. Ra5 Nd4+ 25. Bxd4 exd4 26. Ne2 {#} Rxb3 27. Kxb3
Nxc5+ 28. Kc2 Nxe4 29. Bxe4 Rxe4 30. Kd3 Re8 (30... c5 $5) 31. Nxd4 c5 32. Nb5
Bf5+ 33. Kc3 ({Bessere Verteidigungsmöglichkeiten bot} 33. Kd2) 33... Re2 34.
Rc1 Rxf2 35. g4 Be4 36. Kc4 Rb2 37. Nc7 Rb4+ 38. Kc3 Bd6 39. Na6 Be5+ 40. Kd2
Bf4+ 0-1

[Event "ROM-ch"]
[Site "Bucharest"]
[Date "1998.12.18"]
[Round "10"]
[White "Florescu, Codrut-Constantin"]
[Black "Navrotescu , Catalin"]
[Result "1/2-1/2"]
[WhiteElo "2320"]
[BlackElo "2440"]
[PlyCount "90"]
[EventDate "1998.12.08"]
[EventType "tourn"]
[EventRounds "15"]
[EventCountry "ROM"]
[EventCategory "9"]
[Source "ChessBase"]
[SourceDate "1999.04.01"]

1. e4 c5 2. Nf3 d6 3. d4 cxd4 4. Nxd4 Nf6 5. Nc3 a6 6. Be2 e5 7. Nb3 Be7 8. O-O
Be6 9. Be3 Nbd7 10. a4 Rc8 11. f3 O-O 12. a5 Rxc3 13. bxc3 d5 14. Bd3 Qc7 15.
Bg5 h6 16. exd5 Bxd5 17. Bh4 Qxc3 18. Kh1 Rd8 19. Qe2 Qc7 20. Nd2 Re8 21. Ne4
Nxe4 22. fxe4 Be6 23. Bxe7 Rxe7 24. Qd2 Nc5 25. Qc3 Rd7 26. Rfb1 Kh8 27. Rb6 f6
28. Rab1 Bf7 29. h3 Bg8 30. Qe1 Bh7 31. R1b4 Qd8 32. Qf2 Nxd3 33. cxd3 Rxd3 34.
Rxb7 Qxa5 35. Rb8+ Rd8 36. Kh2 Bg8 37. Qf5 Rxb8 38. Rxb8 Qa2 39. Rb7 Qd2 40.
Qg4 Qg5 41. Qxg5 hxg5 42. Kg3 Bc4 43. Kg4 Be6+ 44. Kf3 Bc4 45. Rc7 Bf1 1/2-1/2

[Event "ROM-ch"]
[Site "Bucharest"]
[Date "1998.12.19"]
[Round "11"]
[White "Navrotescu , Catalin"]
[Black "Badea Takacs, Bela"]
[Result "0-1"]
[WhiteElo "2440"]
[BlackElo "2530"]
[PlyCount "75"]
[EventDate "1998.12.08"]
[EventType "tourn"]
[EventRounds "15"]
[EventCountry "ROM"]
[EventCategory "9"]
[Source "ChessBase"]
[SourceDate "1999.04.01"]

1. d4 g6 2. c4 Bg7 3. Nc3 d6 4. e4 e5 5. d5 Nh6 6. Be2 f6 7. h4 f5 8. Bg5 Qd7
9. h5 Nf7 10. Bd2 O-O 11. Qc2 Qe7 12. O-O-O f4 13. Nf3 g5 14. Nh2 Nh6 15. g4 c5
16. f3 Nd7 17. Kb1 Nf6 18. Ka1 Bd7 19. Rb1 Rfc8 20. b4 cxb4 21. Rxb4 b6 22.
Rhb1 Nf7 23. Be1 Nd8 24. Nf1 Nb7 25. Nd2 Qe8 26. Bf2 Bf8 27. Qd1 Be7 28. Qf1
Bd8 29. Bd1 Nc5 30. Bc2 a6 31. Qd1 b5 32. cxb5 Ba5 33. Nc4 Bxb4 34. Rxb4 a5 35.
Rb1 Nb7 36. Bd3 Qf8 37. Qd2 Re8 38. Nb6 0-1

[Event "ROM-ch"]
[Site "Bucharest"]
[Date "1998.12.22"]
[Round "14"]
[White "Danilov, Ilie Vladimir"]
[Black "Navrotescu , Catalin"]
[Result "1/2-1/2"]
[WhiteElo "2335"]
[BlackElo "2440"]
[PlyCount "28"]
[EventDate "1998.12.08"]
[EventType "tourn"]
[EventRounds "15"]
[EventCountry "ROM"]
[EventCategory "9"]
[Source "ChessBase"]
[SourceDate "1999.04.01"]

1. d4 Nf6 2. c4 c5 3. d5 b5 4. cxb5 a6 5. bxa6 g6 6. g3 d6 7. Bg2 Bg7 8. Nc3
O-O 9. Nh3 Nbd7 10. O-O Rxa6 11. Rb1 Nb6 12. b3 Bb7 13. Bb2 Qa8 14. e4 Nfd7
1/2-1/2

[Event "ROM-ch"]
[Site "Bucharest"]
[Date "1998.12.23"]
[Round "15"]
[White "Navrotescu , Catalin"]
[Black "Marin , Mihail"]
[Result "1/2-1/2"]
[WhiteElo "2440"]
[BlackElo "2530"]
[PlyCount "24"]
[EventDate "1998.12.08"]
[EventType "tourn"]
[EventRounds "15"]
[EventCountry "ROM"]
[EventCategory "9"]
[Source "ChessBase"]
[SourceDate "1999.04.01"]

1. d4 Nf6 2. c4 c5 3. d5 d6 4. Nc3 g6 5. Nf3 Bg7 6. g3 e6 7. Bg2 exd5 8. cxd5
O-O 9. O-O Re8 10. Bf4 a6 11. a4 Ne4 12. Nxe4 Rxe4 1/2-1/2

[Event "Centrocoop Sept op-A"]
[Site "Eforie Nord"]
[Date "1998.??.??"]
[Round "?"]
[White "Grigore, Nicolae Petre"]
[Black "Navrotescu , Catalin"]
[Result "0-1"]
[WhiteElo "2265"]
[BlackElo "2440"]
[PlyCount "59"]
[EventDate "1998.09.??"]
[EventType "swiss"]
[EventRounds "11"]
[EventCountry "ROM"]

1. e4 c5 2. Nf3 d6 3. d4 cxd4 4. Nxd4 Nf6 5. Nc3 Nc6 6. Bc4 Qb6 7. Nde2 e6 8.
O-O a6 9. Ng3 Be7 10. Bb3 O-O 11. Bg5 Rd8 12. Nh5 Nxh5 13. Bxe7 Nxe7 14. Qxh5
Bd7 15. Rad1 Rac8 16. Rd2 Ng6 17. Rfd1 Be8 18. Qg5 h6 19. Qg3 Ne5 20. Rd4 Qc5
21. Kh1 b5 22. f4 Nc6 23. R4d2 a5 24. a4 bxa4 25. Nxa4 Qh5 26. Qf3 Qb5 27. Rxd6
Rxd6 28. Rxd6 Qb4 29. Qd1 Qxe4 30. Nc5 0-1

[Event "Centrocoop Sept op-A"]
[Site "Eforie Nord"]
[Date "1998.??.??"]
[Round "?"]
[White "Jiroveanu, George"]
[Black "Navrotescu , Catalin"]
[Result "1/2-1/2"]
[WhiteElo "2225"]
[BlackElo "2440"]
[PlyCount "118"]
[EventDate "1998.09.??"]
[EventType "swiss"]
[EventRounds "11"]
[EventCountry "ROM"]

1. e4 c5 2. Nc3 Nc6 3. f4 g6 4. Nf3 Bg7 5. Bb5 Nd4 6. a4 e6 7. O-O Ne7 8. e5 a6
9. Bc4 d5 10. exd6 Nef5 11. Ne4 Nxd6 12. Nxd6+ Qxd6 13. d3 b6 14. c3 Nc6 15.
Qe2 O-O 16. Be3 Bb7 17. Rad1 Na5 18. Qf2 Rac8 19. Qg3 Rfd8 20. Ba2 Bc6 21. Qh3
Bxf3 22. Qxf3 b5 23. axb5 axb5 24. g4 f5 25. gxf5 gxf5 26. Rfe1 Kh8 27. Bf2 Re8
28. Re3 Bf6 29. Kh1 Rcd8 30. Ree1 b4 31. d4 c4 32. d5 exd5 33. Rxe8+ Rxe8 34.
cxb4 Qxb4 35. Rxd5 Qb7 36. Kg2 Rg8+ 37. Bg3 Qxb2+ 38. Qf2 Qxf2+ 39. Kxf2 Nb3
40. Rxf5 Bd4+ 41. Kg2 Ra8 42. Bb1 Nd2 43. Rb5 Nxb1 44. Rxb1 c3 45. f5 c2 46.
Rf1 Rf8 47. Bf4 Rxf5 48. Bh6 Rxf1 49. Kxf1 Bb2 50. Ke2 Kg8 51. Kd3 c1=Q 52.
Bxc1 Bxc1 53. Ke4 Kf7 54. Kf3 Kf6 55. Kg4 Ke5 56. Kf3 Kf5 57. h4 Ke5 58. h5 Bh6
59. Kg2 Kf4 1/2-1/2